000 00442nam a2200145Ia 4500
008 100122s9999 xx 000 0 und d
082 _b63436
_a824
100 _aदवणे प्रवीण
245 _aसावर रे भाग. 3
260 _bनवचैतन्य प्रकाशन
_c2003
300 _a144
630 _aसावर रे भाग. 3
730 _aसावर रे भाग. 3
942 _cBOOK
999 _c437432
_d437429